00937nam a2200277 4500003000400000005001700004008004100021020001500062040001800077041001400095050001800109100002600127240003700153245009000190264003700280300004300317336002200360337002400382338002400406500006800430650004700498650004400545700004100589942001200630999001700642OSt20260530113849.0260420b2005 sp a|||| |||| 00| 0 spa d a8425219817 aICIbspacICI 1aspa heng aTS171b H48181 aHeskett, John,93107510aToothpicks and logos.lEspañol13aEl diseño en la vida cotidianacJohn Heskett ; versión castellana, Isabel Nuñez 1bGustavo Gili c2005a Barcelona  a214 páginasb ilustracionesc20.0 cm atexto2rdacontent asin medio2rdamedia avolumen2rdacarrier aTraducción de: Toothpicks and logos : design in everyday life 4aDiseño industrialx Metodología931076 4aAptitud creadora en tecnología931077 1aNúñez, Isabele traductor931078 2ddccBK c11397d11397